000 01089nam a22001577a 4500
041 _aukr
080 _a09
090 _bМАТ
100 _aМатвійчук Т.С.
245 _aСтильова специфіка комедій О.Уальда і Б.Шоу
260 _aОстрог
_bКАФ
_c2009
300 _a70
520 _aВСТУП РОЗДІЛ 1 МОДЕРНІЗМ У ТВОРЧОСТІ О.УАЛЬДА ТА Б.ШОУ 1.1 Модернізм як художня система. 1.2 Модерна концепція мистецтва О.Уальда. 1.3 Естетика "нової драми" Б.Шоу:інтелектуальний театр. РОЗДІЛ 2 СТИЛЬОВІ ОСОБЛИВОСТІ КОМЕДІЙ О.УАЛЬДА І Б.ШОУ 2.1 Жанрова структура комедій Б.Шоу і О.Уальда. 2.2 Стильові засоби в комедіях О.Уальда. 2.3 Стильовий метод Б.Шоу. ВИСНОВКИ
_0модернізм,О.Уальд,Б.Шоу,комедія
650 _aResearch Papers
999 _c284210
_d284210
942 _cBK